| 000 | 00889nas a2200253Ia 4500 | ||
|---|---|---|---|
| 001 | R652/H1012 | ||
| 003 | IT-RoPAU | ||
| 008 | 151124c99999999xx |||||||||||| ||und|| | ||
| 040 | _aIT-RoPAU | ||
| 040 | _cIT-RoPAU | ||
| 041 | _aITALIANO | ||
| 100 |
_aLongo Giuseppe _gCodice Aut. SPICS: 116 |
||
| 210 | _aPROMETEO | ||
| 222 | _aPrometeo | ||
| 245 |
_aPROMETEO, ANNO 20-N.79 (SETTEMBRE 2002) _bEffetti Della Globalizzazione |
||
| 250 | _a1a ed. | ||
| 260 |
_aMILANO _bMONDADORI _c2002 |
||
| 501 |
_bPaulus - SPICS - Società San Paolo EM (non-commercial uses only) _cCopyright2015 |
||
| 300 | _a6 p. [70-75] | ||
| 362 | _aANNO 020, N.79 (SETTEMBRE 2002) | ||
| 500 | _aFra Economia e Tecnoscienza. Occorre Accettare L'Incertezza Intrinseca al Mondo D'Oggi, con i Suoi Connotati Ambivalenti. | ||
| 650 |
_aTELEVISIONE - RADIO - SCIENZE _vPUBBLICAZIONE PERIODICA |
||
| 942 | _cCR | ||
| 999 |
_c143767 _d143767 |
||